000 00354nam a2200133Ia 4500
008 220217s9999||||xx |||||||||||||| ||und||
020 _a978-81-8356-279-9
082 _a620 ARR
100 _aArora, M. P
_95459
245 0 _aEmerging nanotechnology
260 _aDiscover publishing house
_bNew Delhi
_c2008
300 _b695
650 _aCHEMISTRY
999 _c176442
_d176442